| 000 | 01221cam a22003377a 4500 | ||
|---|---|---|---|
| 003 | CHAP | ||
| 005 | 20240430144837.0 | ||
| 008 | 100301s2008 mx r 00010 spa d | ||
| 010 | _a94112 | ||
| 011 | _a95084 | ||
| 020 | _a9789701349991 | ||
| 035 | _a105688 | ||
| 040 | _cCHAP | ||
| 082 | 0 | 4 |
_a312.0972 _bIn31 2005 |
| 110 | 2 |
_aInstituto Nacional de Estadística, Geografía e Informática. México _959304 |
|
| 245 | 1 | 0 |
_aConteo de población y vivienda 2005 (2o) : _bMéxico y sus municipios _c/por Instituto Nacional de Estadística, Geografía e Informática |
| 260 |
_aAguascalientes, Ags. : _bINEGI, _cc2008 |
||
| 300 |
_a441 p. : _bcuadros, gráfs., mapas, + CD (4 3/4 plg.) |
||
| 590 |
_aBATCH-UPD _b10 _c20130110 |
||
| 590 |
_aBATCH-UPD _b10 _c20130410 |
||
| 590 |
_aBATCH-UPD _b10 _c20130914 |
||
| 590 |
_aCONVERSION _b10 _c20130109 |
||
| 650 | 1 | 4 |
_aMéxico _xCensos (2005) _976667 |
| 650 | 1 | 4 |
_aMéxico _xMunicipios. _976781 |
| 650 | 1 | 4 |
_aPoblación _xEstadísticas _zMéxico. _989385 |
| 650 | 1 | 4 |
_aPoblación _xMéxico. _989408 |
| 650 | 1 | 4 |
_aVivienda _zMéxico. _9120153 |
| 901 | _aBK | ||
| 942 |
_cLIBRO _2ddc |
||
| 949 |
_a312.0972 In31 2005 _bBC _cINEGI _d33724002096686 _eINEGI _gDonaciØn _h111941 _i105688 _sb |
||
| 999 |
_c94112 _d94112 |
||